| 000 | 00403 a2200157 4500 | ||
|---|---|---|---|
| 003 | Nust | ||
| 005 | 20260116121158.0 | ||
| 040 | _cNust | ||
| 082 | _a297.1227,ALL | ||
| 100 |
_aAlvi,Abu Masood Hasan _9132763 |
||
| 245 |
_aTadrees Lughat-ul-Quran / _cAbu Masood Hasan Alvi |
||
| 260 |
_aRawalpindi _bIslamic Research |
||
| 300 | _a894:p | ||
| 650 |
_aAl Quran _9104407 |
||
| 942 |
_2ddc _cBK _k297.1227,ALL |
||
| 999 |
_c187715 _d187715 |
||